| 000 | 01490nab a22002417a 4500 | ||
|---|---|---|---|
| 999 |
_c6343 _d6343 |
||
| 003 | OSt | ||
| 005 | 20260130220746.0 | ||
| 008 | 190603e xxum|||| |||| 00| 0 spa d | ||
| 040 | _cPJ | ||
| 100 |
_95822 _aMoro, Emilio F. |
||
| 245 | 1 | 3 |
_aEl socio-consumidor : _b¿un oxímoron? / _cEmilio F. Moro. |
| 260 |
_cCiudad Autónoma de Buenos Aires : _aThomson Reuters La Ley, _b2025. |
||
| 300 | _ap. 255-280 | ||
| 500 | _aCita: TR LALEY AR/DOC/2271/2025 Publicado en: RCCyC 2025 (Octubre). | ||
| 505 | _aSumario: I. Introito.— II. Aproximación y descripción genérica de la condición de socio.— III. Recaudos necesarios para la configuración de una relación de consumo. El escenario particular que bosquejan las relaciones jurídicas intrasocietarias.— IV. Socios de sociedades cooperativas (y potenciales consumidores frente a la propia persona jurídica).— V. Socios de sociedades anónimas abiertas.— VI. El socio aportante de criptoactivos al capital social: ¿la sociedad como by-stander en dicha relación de consumo?— VII. Colofón. | ||
| 505 | _t¿Te interesa el texto completo? Solicitalo al correo: koha@justierradelfuego.gov.ar | ||
| 650 | 0 |
_91497 _aCODIGO CIVIL Y COMERCIAL |
|
| 650 | 0 |
_9646 _aSOCIEDADES COMERCIALES |
|
| 650 | 0 |
_91625 _aSOCIEDAD ANONIMA |
|
| 650 | 0 | _aAPORTE SOCIETARIO | |
| 773 | 0 |
_02713 _93170 _dCiudad Autónoma de Buenos Aires : Thomson Reuters La Ley, 2015- _tRevista Código Civil y Comercial. Nº 5 - Octubre 2025 |
|
| 942 |
_2udc _cANA |
||